[Event "Kieler Open 2021"]
[Site "Kiel"]
[Date "2021.07.28"]
[Round "7.48"]
[White "Harting-Maas, Daniel"]
[Black "Tran, Hanna"]
[Result "1-0"]
[WhiteElo "1317"]
[BlackElo "984"]
[Annotator "RW"]

1.e4 g6 2.Nf3 Bg7 3.Bc4 c6 4.e5 d5 5.Bb3 e6 6.d4 Nd7 7.Bg5 f6 8.exf6 Ngxf6 9.c3 h6 10.Bh4 g5 11.Bg3 g4 12.Ne5 Nh5 13.Qxg4 Qg5 14.Qxe6+ Qe7 15.Qg6+ Kf8 16.Qxh5 Nxe5 17.dxe5 Bd7 18.0-0 Be8 19.Qf5+ Kg8 20.Re1 h5 21.h4 Rh6 22.Nd2 Bg6 23.Qf4 Rf8 24.Qe3 Bf5

1-0

[Event "Kieler Open 2021"]
[Site "Kiel"]
[Date "2021.07.29"]
[Round "8.1"]
[White "Callsen, Niklas"]
[Black "Spitzl, Vinzent"]
[Result "0-1"]
[WhiteElo "2072"]
[BlackElo "2346"]
[Annotator "FS"]
[PlyCount "76"]
[EventDate "2021.??.??"]

1. e4 c5 2. Nf3 d6 3. d4 cxd4 4. Nxd4 Nf6 5. Nc3 a6 6. h3 e5 7. Nb3 Be6 8. Be3
Nbd7 9. g4 h6 10. Qd2 b5 11. f3 Nb6 12. Qf2 Nc4 13. Bxc4 bxc4 14. Bb6 Qb8 15.
Na5 Nd7 16. Na4 Qc8 17. Be3 Rb8 18. a3 Qc7 19. Qd2 Be7 20. Qc3 Bh4+ 21. Ke2 O-O
22. b3 d5 23. exd5 Bxd5 24. Rhd1 Be6 25. Nxc4 Rfc8 26. Nab2 e4 27. f4 Bf6 28.
Rd4 Nb6 29. Rad1 Nd5 30. Qd2 Bxd4 31. Bxd4 Nxf4+ 32. Ke3 Ng6 33. Kxe4 Re8 34.
Kd3 Nf4+ 35. Kc3 Nd5+ 36. Kd3 Qg3+ 37. Ne3 Nxe3 38. Qxe3 Bf5+ 0-1

[Event "Kieler Open 2021"]
[Site "Kiel"]
[Date "2021.07.29"]
[Round "8.2"]
[White "Arndt, Magnus"]
[Black "Farokhi, Keyvan"]
[Result "1/2-1/2"]
[WhiteElo "2338"]
[BlackElo "2045"]
[Annotator "FS"]
[PlyCount "77"]
[EventDate "2021.??.??"]

1. e4 c6 2. Nf3 d5 3. Nc3 Bg4 4. h3 Bh5 5. exd5 cxd5 6. Bb5+ Nc6 7. g4 Bg6 8.
Ne5 Rc8 9. d4 e6 10. Qe2 Bb4 11. h4 Nge7 12. h5 Be4 13. f3 O-O 14. Nxc6 Nxc6
15. Be3 Qf6 16. fxe4 Nxd4 17. Bxd4 Qxd4 18. Rd1 Bxc3+ 19. bxc3 Qxc3+ 20. Kf1
dxe4 21. Qxe4 Qxc2 22. Qxc2 Rxc2 23. a4 Ra2 24. Rh3 a6 25. Be2 Rxa4 26. Rc3 h6
27. Rc7 b5 28. Rdd7 b4 29. Rb7 a5 30. Ke1 Ra3 31. Kd2 Rc3 32. Bd3 Ra3 33. Bc4
Rc8 34. Bd3 Rf8 35. Kc1 Ra1+ 36. Bb1 Ra3 37. Bd3 Ra1+ 38. Bb1 Ra3 39. Bd3
1/2-1/2

[Event "Kieler Open 2021"]
[Site "Kiel"]
[Date "2021.07.29"]
[Round "8.3"]
[White "Basey, Matthew"]
[Black "Browning, Alex"]
[Result "1/2-1/2"]
[WhiteElo "1922"]
[BlackElo "2307"]
[Annotator "FS"]
[PlyCount "85"]
[EventDate "2021.??.??"]

1. d4 Nf6 2. Nf3 g6 3. c4 Bg7 4. Nc3 O-O 5. e4 d6 6. Be2 e5 7. d5 a5 8. Bg5 h6
9. Bh4 g5 10. Bg3 Nh5 11. Nd2 Nf4 12. O-O Na6 13. Re1 Nc5 14. Nf1 f5 15. f3 b6
16. b3 fxe4 17. fxe4 Qf6 18. Ne3 Qg6 19. Qc2 Bd7 20. Rad1 Rf7 21. Bg4 Bxg4 22.
Nxg4 Raf8 23. Ne3 h5 24. h3 g4 25. h4 Kh7 26. a3 a4 27. b4 Nb3 28. Nb5 Nd4 29.
Nxd4 exd4 30. Nf5 d3 31. Qd2 Ne2+ 32. Kh2 Nxg3 33. Kxg3 Be5+ 34. Kf2 g3+ 35.
Kg1 Rxf5 36. exf5 Bd4+ 37. Kh1 Qg4 38. Qg5 Qxf5 39. Qxf5+ Rxf5 40. Rxd3 Rf4 41.
Rxg3 Be5 42. Rh3 Rxc4 43. Rd1 1/2-1/2

[Event "Kieler Open 2021"]
[Site "Kiel"]
[Date "2021.07.29"]
[Round "8.4"]
[White "Popvasilev, Kaloyan"]
[Black "Dietz, Florian"]
[Result "0-1"]
[WhiteElo "2127"]
[BlackElo "2277"]
[Annotator "FS"]
[PlyCount "118"]
[EventDate "2021.??.??"]

1. e4 c5 2. Nf3 e6 3. d3 Nc6 4. g3 g6 5. Bg2 Bg7 6. O-O Nge7 7. c3 d5 8. Qe2
O-O 9. Rd1 Qc7 10. Na3 d4 11. cxd4 cxd4 12. Bd2 e5 13. Rdc1 a6 14. b4 b5 15.
Rc5 f6 16. Rac1 Be6 17. Be1 Qd6 18. Qb2 Rac8 19. Nd2 f5 20. f3 h5 21. Nab1 Bh6
22. R1c2 Qd7 23. a4 fxe4 24. Nxe4 bxa4 25. b5 axb5 26. Rxb5 Bh3 27. Rb7 Qe6 28.
Qa2 Kh8 29. Qxe6 Bxe6 30. Nc5 Bd5 31. Nd7 Rfd8 32. Bh3 Bxf3 33. Na3 Be3+ 34.
Kf1 Bd1 35. Rc5 Rf8+ 36. Nxf8 Rxf8+ 37. Kg2 Bf3+ 38. Kf1 e4 39. dxe4 d3 40.
Bc3+ Nd4 41. Ke1 Bxe4 42. Rxe7 d2+ 43. Bxd2 Bf2+ 44. Kd1 Bf3+ 45. Kc1 Nb3+ 46.
Kc2 Bxc5 47. Bc3+ Nd4+ 48. Bxd4+ Bxd4 49. Nb5 Bg1 50. Be6 Be4+ 51. Kc3 Bxh2 52.
Nd6 Bh1 53. Nf7+ Kg7 54. Ra7 Ra8 55. Rd7 Kf6 56. Rd6 Bxg3 57. Rb6 Ke7 58. Bc4
a3 59. Rxg6 a2 0-1

[Event "Kieler Open 2021"]
[Site "Kiel"]
[Date "2021.07.29"]
[Round "8.5"]
[White "Heutling, Elina"]
[Black "Mitscherling, Andreas"]
[Result "0-1"]
[WhiteElo "1919"]
[BlackElo "2185"]
[Annotator "FS"]
[PlyCount "62"]
[EventDate "2021.??.??"]

1. e4 Nf6 2. e5 Nd5 3. d4 d6 4. c4 Nb6 5. exd6 cxd6 6. Nc3 g6 7. b3 Bg7 8. Be3
O-O 9. Rc1 e5 10. d5 f5 11. f3 N8d7 12. Bd3 e4 13. Be2 exf3 14. Nxf3 Re8 15.
Bf4 Ne5 16. O-O Nbd7 17. Kh1 a6 18. Nd4 Nf6 19. b4 Kh8 20. Qb3 Qb6 21. Rfd1
Neg4 22. c5 dxc5 23. Na4 Qd8 24. Rxc5 Nf2+ 25. Kg1 Nxd1 26. Bc7 Qe7 27. d6 Qe3+
28. Qxe3 Nxe3 29. Nb6 Bd7 30. Nxa8 Rxa8 31. Re5 Ne4 0-1

[Event "Kieler Open 2021"]
[Site "Kiel"]
[Date "2021.07.29"]
[Round "8.6"]
[White "Buchholz, Sebastian"]
[Black "Helms, Finn"]
[Result "1/2-1/2"]
[WhiteElo "2151"]
[BlackElo "1972"]
[Annotator "FS"]
[PlyCount "40"]
[EventDate "2021.??.??"]

1. c4 g6 2. g3 Bg7 3. Bg2 c5 4. Nc3 Nc6 5. a3 d6 6. Rb1 a5 7. d3 e6 8. Qa4 Bd7
9. Nb5 Nd4 10. Nxd6+ Ke7 11. Nb5 Nh6 12. Nf3 Nhf5 13. Nfxd4 Nxd4 14. Bg5+ f6
15. Be3 Qb6 16. Bxd4 cxd4 17. b4 Bxb5 18. cxb5 Rhc8 19. O-O Kf7 20. Qd1 axb4
1/2-1/2

[Event "Kieler Open 2021"]
[Site "Kiel"]
[Date "2021.07.29"]
[Round "8.7"]
[White "Peglau, Charis"]
[Black "Weihrauch, Jakob"]
[Result "0-1"]
[WhiteElo "1827"]
[BlackElo "2137"]
[Annotator "FS"]
[PlyCount "70"]
[EventDate "2021.??.??"]

1. Nf3 Nf6 2. c4 g6 3. Nc3 Bg7 4. g3 c6 5. Bg2 d5 6. cxd5 cxd5 7. d4 O-O 8. O-O
Nc6 9. Ne5 Bf5 10. e3 Rc8 11. h3 Ne4 12. Nxc6 Rxc6 13. g4 Nxc3 14. bxc3 Be6 15.
Qd3 h5 16. gxh5 Bf5 17. Qb5 Qc8 18. Kh2 gxh5 19. Qxd5 Rg6 20. Qxb7 Qxc3 21. Bb2
Qc2 22. Qb3 Qe2 23. Qd5 Be6 24. Qb7 Bc8 25. Qxa7 Qxb2 26. Qxe7 Ba6 27. Rab1
Qxa2 28. Ra1 Rxg2+ 29. Kxg2 Bxf1+ 30. Rxf1 Qd5+ 31. f3 Rc8 32. Rf2 Rc6 33. Qe4
Rg6+ 34. Kh2 Qg5 35. Qb1 Qg3+ 0-1

[Event "Kieler Open 2021"]
[Site "Kiel"]
[Date "2021.07.29"]
[Round "8.8"]
[White "Gut, Lionel"]
[Black "Garbuszus, Jürgen"]
[Result "0-1"]
[WhiteElo "1767"]
[BlackElo "2025"]
[Annotator "FS"]
[PlyCount "86"]
[EventDate "2021.??.??"]

1. d4 f5 2. c4 Nf6 3. g3 g6 4. Bg2 Bg7 5. Nf3 O-O 6. O-O d6 7. Nc3 c6 8. d5 e5
9. dxe6 Bxe6 10. b3 Qe7 11. Ng5 Bd7 12. Bb2 h6 13. Nf3 Be6 14. Qc2 Na6 15. Rad1
Nc5 16. Rfe1 Nce4 17. Nxe4 Nxe4 18. Bxg7 Kxg7 19. Nd2 d5 20. Nxe4 fxe4 21. cxd5
cxd5 22. Qb2+ Qf6 23. Qxf6+ Kxf6 24. Rc1 Rac8 25. e3 Ke5 26. b4 Rc4 27. Rxc4
dxc4 28. Rd1 Rc8 29. f4+ exf3 30. Bxf3 b6 31. Kf2 c3 32. a3 c2 33. Rc1 Bb3 34.
Ke2 Rd8 35. Ke1 Ba4 36. Ra1 Rd3 37. Rc1 Rxe3+ 38. Be2 Kd4 39. Kd2 Rxa3 40. Rf1
g5 41. Re1 Rc3 42. Rc1 Rc7 43. Bd3 Rf7 0-1

[Event "Kieler Open 2021"]
[Site "Kiel"]
[Date "2021.07.29"]
[Round "8.9"]
[White "Gaerths, Ronny"]
[Black "Nittel, Christian"]
[Result "1-0"]
[WhiteElo "2171"]
[BlackElo "1795"]
[Annotator "FS"]
[PlyCount "47"]
[EventDate "2021.??.??"]

1. d4 d5 2. Bf4 Nf6 3. e3 e6 4. Nf3 c5 5. c3 Be7 6. Ne5 O-O 7. Nd2 Nc6 8. Bd3
Re8 9. Qf3 Nxe5 10. dxe5 Nd7 11. Qg3 f5 12. h4 b6 13. h5 Bb7 14. Bh6 Bf8 15.
Bxg7 Bxg7 16. h6 Re7 17. Nf3 Kh8 18. hxg7+ Rxg7 19. Qf4 Qe7 20. O-O-O Rag8 21.
Nh4 Rg4 22. Qh2 Qf7 23. Nxf5 exf5 24. e6 1-0

[Event "Kieler Open 2021"]
[Site "Kiel"]
[Date "2021.07.29"]
[Round "8.10"]
[White "Maas, Kolja"]
[Black "Bus, Tom"]
[Result "1-0"]
[WhiteElo "1559"]
[BlackElo "2108"]
[Annotator "FS"]
[PlyCount "69"]
[EventDate "2021.??.??"]

1. e4 e5 2. Nf3 Nc6 3. Bb5 a6 4. Ba4 Nf6 5. d3 b5 6. Bb3 Be7 7. Nc3 d6 8. Bg5
Na5 9. Qd2 Nxb3 10. axb3 Bb7 11. Ne2 h6 12. Bh4 Nxe4 13. dxe4 Bxh4 14. Nc3 O-O
15. Nd5 Be7 16. Qd3 c6 17. Ne3 Qc7 18. c4 Rad8 19. Ke2 Rfe8 20. Rhc1 Qb8 21.
Rd1 g6 22. g4 Bf6 23. h4 d5 24. g5 hxg5 25. Nxg5 dxc4 26. Qc3 cxb3 27. Ng4 Bg7
28. Qxb3 Qc7 29. h5 gxh5 30. Ne3 Qe7 31. Nf5 Qxg5 32. Rg1 Rd2+ 33. Kf1 Qf4 34.
Rxg7+ Kh8 35. Rh7+ 1-0

[Event "Kieler Open 2021"]
[Site "Kiel"]
[Date "2021.07.29"]
[Round "8.11"]
[White "Bräutigam, Alexander"]
[Black "Dittmann, Hans-Adolf"]
[Result "1/2-1/2"]
[WhiteElo "1555"]
[BlackElo "2083"]
[Annotator "FS"]
[PlyCount "81"]
[EventDate "2021.??.??"]

1. d4 Nf6 2. c4 e6 3. Nf3 c5 4. d5 exd5 5. cxd5 d6 6. g3 g6 7. Nc3 Bg7 8. Bg2
O-O 9. O-O a6 10. a4 Nbd7 11. e4 Re8 12. Nd2 Rb8 13. Nc4 Ne5 14. Na3 b5 15. f4
Neg4 16. axb5 axb5 17. Naxb5 Qb6 18. Qc2 Bd7 19. Na3 Qb4 20. h3 Qd4+ 21. Kh1
Ne3 22. Bxe3 Qxe3 23. Rf3 Qd4 24. Rd1 Qb4 25. Rf2 Nh5 26. Kh2 Bd4 27. Re2 Ra8
28. Rc1 f5 29. Qd3 Nf6 30. Nc2 Qxb2 31. Nxd4 Qxc1 32. Ne6 Ra1 33. Qe3 fxe4 34.
Nxe4 Nxd5 35. Qxc1 Rxc1 36. Nxd6 Bxe6 37. Nxe8 Kf7 38. Nd6+ Kf6 39. Ne8+ Kf7
40. Nd6+ Kf6 41. Ne8+ 1/2-1/2

[Event "Kieler Open 2021"]
[Site "Kiel"]
[Date "2021.07.29"]
[Round "8.12"]
[White "Peglau, Dora"]
[Black "Schalla, Dieter"]
[Result "1-0"]
[WhiteElo "1906"]
[BlackElo "2043"]
[Annotator "FS"]
[PlyCount "83"]
[EventDate "2021.??.??"]

1. e4 c5 2. Nf3 d6 3. d4 cxd4 4. Nxd4 g6 5. Nc3 Bg7 6. Be3 Nc6 7. Qd2 Nf6 8. f3
O-O 9. Bc4 Bd7 10. g4 Rc8 11. Bb3 Ne5 12. Bh6 Nc4 13. Bxc4 Rxc4 14. Bxg7 Kxg7
15. O-O-O Qa5 16. h4 h5 17. Qg5 Qb6 18. Nf5+ Bxf5 19. gxf5 Qc5 20. Rhg1 Ng8 21.
Rd5 Qf2 22. fxg6 f6 23. Qg3 Qe3+ 24. Kb1 Rxc3 25. Rxh5 Rfc8 26. bxc3 Qxc3 27.
Qf2 Qb4+ 28. Kc1 Qa3+ 29. Kd1 Qxa2 30. Qd2 Qa1+ 31. Qc1 Qd4+ 32. Ke2 Qa4 33. c3
Qb3 34. Kd2 Rc6 35. Qc2 Qc4 36. Rh7+ Kf8 37. g7+ Kf7 38. Qd3 Qa2+ 39. Ke3 Qa3
40. c4 Qc5+ 41. Qd4 Qa3+ 42. Kf2 1-0

[Event "Kieler Open 2021"]
[Site "Kiel"]
[Date "2021.07.29"]
[Round "8.13"]
[White "Kosanke, Stefan"]
[Black "Peglau, Mirjam"]
[Result "1-0"]
[WhiteElo "2033"]
[BlackElo "1906"]
[Annotator "FS"]
[PlyCount "53"]
[EventDate "2021.??.??"]

1. d4 Nf6 2. c4 e6 3. Nf3 b6 4. g3 Bb7 5. Bg2 c5 6. O-O Be7 7. Nc3 O-O 8. d5
exd5 9. cxd5 d6 10. e4 Na6 11. Re1 Nc7 12. Bf4 Nfe8 13. e5 dxe5 14. Nxe5 Bd6
15. Nc6 Bxc6 16. Bxd6 Nxd6 17. dxc6 Re8 18. Qd2 Qf6 19. Nd5 Nxd5 20. Qxd5 Rad8
21. Rad1 Re7 22. c7 Rxe1+ 23. Rxe1 Rc8 24. Rd1 Ne8 25. Qd7 Qe6 26. Qxc8 Qxc8
27. Rd8 1-0

[Event "Kieler Open 2021"]
[Site "Kiel"]
[Date "2021.07.29"]
[Round "8.14"]
[White "Steffens, Olaf"]
[Black "Ermert, Karl Hans Rag"]
[Result "1-0"]
[WhiteElo "2145"]
[BlackElo "1767"]
[Annotator "FS"]
[PlyCount "119"]
[EventDate "2021.??.??"]

1. b4 d5 2. Bb2 Bg4 3. h3 Bh5 4. Nf3 Bxf3 5. gxf3 e6 6. e3 Nf6 7. Rg1 g6 8. b5
Be7 9. c4 O-O 10. Qc2 a6 11. a4 axb5 12. axb5 Rxa1 13. Bxa1 Nbd7 14. cxd5 Nxd5
15. Bc4 Nb4 16. Qb2 Bf6 17. d4 Qa8 18. Ke2 Nb6 19. Qxb4 Qxa1 20. Rd1 Na4 21.
Kf1 Ra8 22. Be2 Nb2 23. Rc1 Ra2 24. Qe1 Ra8 25. Rxc7 Bd8 26. Rc2 Ba5 27. Qc1
Na4 28. Kg2 Nb6 29. Bd3 Nd5 30. Be4 Qa4 31. Bxd5 exd5 32. Rc5 Qb3 33. Nd2 Bxd2
34. Qxd2 b6 35. Qc2 Qxc2 36. Rxc2 Ra5 37. Rb2 f5 38. Kg3 Kf7 39. Kf4 Kf6 40. h4
h6 41. Kg3 Ke6 42. Rb1 Kf6 43. Rb3 Ke6 44. Rb2 Kf6 45. Kf4 g5+ 46. Kg3 Kg6 47.
hxg5 hxg5 48. Rb1 Kh5 49. f4 Kg6 50. Rc1 gxf4+ 51. Kxf4 Rxb5 52. Rc6+ Kf7 53.
Kxf5 Ke7 54. Ke5 Rb2 55. Kxd5 Rxf2 56. Rxb6 Rf3 57. e4 Rh3 58. e5 Rh5 59. Rb7+
Ke8 60. Kd6 1-0

[Event "Kieler Open 2021"]
[Site "Kiel"]
[Date "2021.07.29"]
[Round "8.15"]
[White "Rohmann, Volker"]
[Black "Blietschau, Volker"]
[Result "0-1"]
[WhiteElo "1766"]
[BlackElo "2010"]
[Annotator "FS"]
[PlyCount "78"]
[EventDate "2021.??.??"]

1. d4 d5 2. Nf3 Nf6 3. Bf4 e6 4. e3 Bd6 5. Bg3 O-O 6. Nbd2 b6 7. c3 c5 8. Bd3
Ba6 9. Bxa6 Nxa6 10. Bxd6 Qxd6 11. Ne5 b5 12. a3 Rfc8 13. Qe2 Rab8 14. O-O Nc7
15. Nb3 c4 16. Nd2 a5 17. e4 dxe4 18. Nxe4 Nxe4 19. Qxe4 Nd5 20. Qf3 Rc7 21. h4
Rcb7 22. h5 f6 23. Ng4 Qf4 24. Qe2 Re7 25. Rfe1 Qg5 26. h6 gxh6 27. Qf3 Rbe8
28. Re2 Rg7 29. Ne3 Nf4 30. g3 Nxe2+ 31. Qxe2 f5 32. Nf1 h5 33. d5 e5 34. Re1
e4 35. d6 f4 36. Qd2 Qf5 37. Qd4 fxg3 38. fxg3 h4 39. Re3 Rf7 0-1

[Event "Kieler Open 2021"]
[Site "Kiel"]
[Date "2021.07.29"]
[Round "8.16"]
[White "Quiring, Nikolai"]
[Black "Thielemann, Joachim"]
[Result "1-0"]
[WhiteElo "2005"]
[BlackElo "1746"]
[Annotator "FS"]
[PlyCount "54"]
[EventDate "2021.??.??"]

1. d4 d5 2. c4 e6 3. Nc3 b6 4. cxd5 exd5 5. Nf3 Bb7 6. e3 Nf6 7. Bd3 g6 8. Ne5
Bg7 9. h4 O-O 10. h5 Ne4 11. hxg6 fxg6 12. Nxe4 dxe4 13. Qb3+ Bd5 14. Bc4 c6
15. Nxc6 Nxc6 16. Bxd5+ Kh8 17. Bd2 Qf6 18. O-O-O Rac8 19. Kb1 Rfe8 20. Bc3 Na5
21. Qc2 Qe7 22. f3 Nc4 23. Rde1 Nd6 24. g4 Bf8 25. Rh3 Nb5 26. Reh1 exf3 27.
Qxg6 Rc7 1-0

[Event "Kieler Open 2021"]
[Site "Kiel"]
[Date "2021.07.29"]
[Round "8.17"]
[White "Krieglstein, Marcel"]
[Black "Bräutigam, Katerina"]
[Result "1-0"]
[WhiteElo "1962"]
[BlackElo "1738"]
[Annotator "FS"]
[PlyCount "61"]
[EventDate "2021.??.??"]

1. d4 Nf6 2. c4 g6 3. Nc3 Bg7 4. e4 d6 5. Be2 O-O 6. f4 c5 7. d5 e6 8. Nf3 exd5
9. cxd5 Nbd7 10. e5 dxe5 11. fxe5 Ng4 12. Bg5 Qb6 13. O-O Ndxe5 14. Be7 Ne3 15.
Qd2 Nxf1 16. Rxf1 Nxf3+ 17. Bxf3 c4+ 18. Kh1 Bf5 19. Bxf8 Rxf8 20. g4 Bd3 21.
Re1 Qf6 22. Kg2 Rd8 23. Qe3 Qa6 24. Qd2 b5 25. Re7 Bf6 26. Rc7 Qb6 27. Qf4 Rf8
28. d6 Bd8 29. Nd5 Qa5 30. Ne7+ Kh8 31. Qf6# 1-0

[Event "Kieler Open 2021"]
[Site "Kiel"]
[Date "2021.07.29"]
[Round "8.18"]
[White "Gut, Raphael"]
[Black "Hufendiek, Ekkehard"]
[Result "0-1"]
[WhiteElo "1736"]
[BlackElo "1954"]
[Annotator "FS"]
[PlyCount "92"]
[EventDate "2021.??.??"]

1. d4 Nf6 2. c4 e6 3. Nc3 Bb4 4. Qc2 O-O 5. a3 Bxc3+ 6. Qxc3 b6 7. Bg5 h6 8.
Bh4 d6 9. e3 Bb7 10. Ne2 Nbd7 11. Qc2 Be4 12. Qxe4 Nxe4 13. Bxd8 Rfxd8 14. g3
Ndf6 15. Bg2 Rab8 16. a4 d5 17. cxd5 exd5 18. O-O c5 19. Rfc1 c4 20. Rc2 a6 21.
Nc3 b5 22. axb5 axb5 23. Ra5 Nxc3 24. bxc3 b4 25. cxb4 Rxb4 26. Rc5 Rb1+ 27.
Bf1 Ra8 28. Kg2 Raa1 29. Be2 g5 30. g4 Rg1+ 31. Kf3 Rh1 32. Kg2 Rag1+ 33. Kh3
Ne4 34. Rc8+ Kg7 35. Bf3 h5 36. Ra2 Nf6 37. gxh5 g4+ 38. Bxg4 Nxg4 39. f3 Nxe3
40. Rc7 Nf5 41. Rg2+ Rxg2 42. Kxg2 Rd1 43. h6+ Nxh6 44. Kf2 Rxd4 45. Rc5 Nf5
46. h4 Nxh4 0-1

[Event "Kieler Open 2021"]
[Site "Kiel"]
[Date "2021.07.29"]
[Round "8.19"]
[White "Peglau, Sarah"]
[Black "Weber, Andreas"]
[Result "1-0"]
[WhiteElo "1888"]
[BlackElo "1696"]
[Annotator "FS"]
[PlyCount "45"]
[EventDate "2021.??.??"]

1. e4 g6 2. d4 Bg7 3. Nc3 c6 4. f4 d5 5. e5 Nh6 6. Be3 O-O 7. Qd2 Nf5 8. Nf3
Nxe3 9. Qxe3 f6 10. O-O-O fxe5 11. fxe5 Bg4 12. Be2 Bxf3 13. Bxf3 b5 14. Bg4
Qa5 15. Be6+ Kh8 16. Kb1 Na6 17. Rdf1 Nc7 18. Bf7 b4 19. Ne2 Rxf7 20. Rxf7 e6
21. h4 Nb5 22. h5 Rb8 23. hxg6 1-0

[Event "Kieler Open 2021"]
[Site "Kiel"]
[Date "2021.07.29"]
[Round "8.20"]
[White "Lu, Siyuan"]
[Black "Riechenberg, Sebastia"]
[Result "1-0"]
[WhiteElo "1876"]
[BlackElo "985"]
[Annotator "FS"]
[PlyCount "95"]
[EventDate "2021.??.??"]

1. e4 e5 2. Nf3 Nc6 3. d4 exd4 4. Nxd4 Nf6 5. Nxc6 bxc6 6. e5 Qe7 7. Qe2 Nd5 8.
c4 Ba6 9. Nd2 g6 10. Nf3 Nb6 11. b3 Bg7 12. Bg5 Qb4+ 13. Qd2 Qxd2+ 14. Kxd2 O-O
15. Rc1 Bb7 16. Bd3 f6 17. exf6 Bxf6 18. Bxf6 Rxf6 19. Rhe1 c5 20. Be4 Bxe4 21.
Rxe4 a5 22. Rce1 a4 23. Re8+ Rxe8 24. Rxe8+ Rf8 25. Re5 d6 26. Re7 axb3 27.
axb3 Rf7 28. Rxf7 Kxf7 29. Ng5+ Kg8 30. Ne6 c6 31. Nd8 d5 32. Kd3 dxc4+ 33.
bxc4 Nd7 34. Nxc6 Kf7 35. f3 Ke6 36. Ke4 Nf6+ 37. Kf4 h6 38. Na5 Nh5+ 39. Ke3
Ke5 40. g3 Nf6 41. Nb3 Nd7 42. Nd2 Nb6 43. h3 g5 44. f4+ gxf4+ 45. gxf4+ Kf5
46. Kf3 Nd7 47. Nf1 Nb6 48. Ne3+ 1-0

[Event "Kieler Open 2021"]
[Site "Kiel"]
[Date "2021.07.29"]
[Round "8.21"]
[White "Peglau, Markus"]
[Black "Schmieder, Kerstin"]
[Result "1-0"]
[WhiteElo "1836"]
[BlackElo "1658"]
[Annotator "FS"]
[PlyCount "43"]
[EventDate "2021.??.??"]

1. Nf3 d5 2. g3 Nc6 3. d4 Bf5 4. c4 e6 5. Qa4 Bb4+ 6. Nc3 dxc4 7. Bg2 Bxc3+ 8.
bxc3 Qd5 9. Nh4 Be4 10. f3 Bg6 11. e4 Qd7 12. Qxc4 Nge7 13. O-O O-O 14. Rb1 b6
15. Rd1 Na5 16. Qe2 Qc6 17. Ba3 Rfe8 18. Bb4 Nc4 19. f4 h6 20. Bxe7 Rxe7 21.
Nxg6 fxg6 22. e5 1-0

[Event "Kieler Open 2021"]
[Site "Kiel"]
[Date "2021.07.29"]
[Round "8.22"]
[White "Kort, Felix"]
[Black "Malinowsky, Levi"]
[Result "0-1"]
[WhiteElo "1816"]
[BlackElo "1593"]
[Annotator "FS"]
[PlyCount "86"]
[EventDate "2021.??.??"]

1. d4 Nf6 2. c4 g6 3. Nc3 Bg7 4. e4 d6 5. Be2 O-O 6. Be3 Nbd7 7. g4 e5 8. d5
Ne8 9. h4 f5 10. gxf5 gxf5 11. exf5 Ndf6 12. Bd3 Qe7 13. Qf3 e4 14. Nxe4 Nd7
15. O-O-O Ne5 16. Qg2 Bxf5 17. f3 Nf6 18. Nxf6+ Rxf6 19. Be2 Nxc4 20. Bg5 Ne3
21. Qf2 Nxd1 22. Kxd1 Qe5 23. Bxf6 Qxd5+ 24. Qd4 Qxd4+ 25. Bxd4 Bxd4 26. Bc4+
Kg7 27. b3 d5 28. Bf1 Re8 29. Ne2 Be5 30. Bh3 Bxh3 31. Rxh3 Kf6 32. f4 Bd6 33.
Rg3 d4 34. Nxd4 Bxf4 35. Rf3 Ke5 36. Ne2 Rf8 37. Kc2 Ke4 38. Rc3 Be5 39. Ng3+
Kd5 40. Rd3+ Kc6 41. Re3 Rf2+ 42. Kd3 Bf4 43. Re6+ Kd5 0-1

[Event "Kieler Open 2021"]
[Site "Kiel"]
[Date "2021.07.29"]
[Round "8.23"]
[White "Lu, Yunong Elias"]
[Black "Hentrop, Malte"]
[Result "1-0"]
[WhiteElo "1557"]
[BlackElo "1805"]
[Annotator "FS"]
[PlyCount "63"]
[EventDate "2021.??.??"]

1. e4 e5 2. Nf3 Nc6 3. Bc4 Bc5 4. d3 h6 5. O-O Nf6 6. c3 O-O 7. d4 exd4 8. cxd4
Bb6 9. e5 Nh7 10. d5 Ne7 11. Be3 Re8 12. Nc3 d6 13. Re1 Nf8 14. Bb5 Bd7 15.
exd6 cxd6 16. Bd3 Neg6 17. Ne4 Bg4 18. Bd2 f5 19. Ng3 Ne5 20. Bxf5 Nxf3+ 21.
gxf3 Bxf5 22. Nxf5 Qf6 23. Ng3 Qxb2 24. Re4 Rxe4 25. fxe4 Rc8 26. Rc1 Rxc1 27.
Qxc1 Qxa2 28. Nf5 Bc5 29. Qc3 Qb1+ 30. Be1 Bd4 31. Qxd4 Qxe1+ 32. Kg2 1-0

[Event "Kieler Open 2021"]
[Site "Kiel"]
[Date "2021.07.29"]
[Round "8.24"]
[White "Sturm, Simon"]
[Black "Strätker, Sebastian"]
[Result "0-1"]
[WhiteElo "1533"]
[BlackElo "1887"]
[Annotator "FS"]
[PlyCount "54"]
[EventDate "2021.??.??"]

1. e4 c5 2. Nf3 Nc6 3. d4 cxd4 4. Nxd4 e5 5. Nf5 d5 6. Ng3 Nf6 7. Bg5 d4 8. Bc4
h6 9. Bxf6 Qxf6 10. Nd2 Bc5 11. Qe2 O-O 12. f3 Bd7 13. O-O-O a6 14. Nh5 Qg6 15.
g4 b5 16. Bd5 Rac8 17. h4 Nb4 18. Bb3 a5 19. a3 Na6 20. Ng3 a4 21. Ba2 b4 22.
Bc4 bxa3 23. Kb1 Qb6 24. b3 Nb4 25. g5 a2+ 26. Kb2 d3 27. cxd3 a3+ 0-1

[Event "Kieler Open 2021"]
[Site "Kiel"]
[Date "2021.07.29"]
[Round "8.25"]
[White "Tran, Minh Dat"]
[Black "Schmidt, Peter"]
[Result "0-1"]
[WhiteElo "1611"]
[BlackElo "1913"]
[Annotator "FS"]
[PlyCount "38"]
[EventDate "2021.??.??"]

1. c4 Nf6 2. Nc3 g6 3. g3 Bg7 4. Bg2 d6 5. e4 c5 6. Nge2 Nc6 7. O-O O-O 8. f4
Ne8 9. f5 e6 10. g4 Qh4 11. Ng3 Bd4+ 12. Kh1 Ne5 13. Bf3 Nf6 14. Kg2 Nfxg4 15.
Bxg4 Nxg4 16. h3 Nf6 17. d3 Be5 18. Nce2 gxf5 19. exf5 Kh8 0-1

[Event "Kieler Open 2021"]
[Site "Kiel"]
[Date "2021.07.29"]
[Round "8.26"]
[White "Olde, Henning"]
[Black "Ahrens, Jan"]
[Result "0-1"]
[WhiteElo "1832"]
[BlackElo "1724"]
[Annotator "FS"]
[PlyCount "68"]
[EventDate "2021.??.??"]

1. f4 d5 2. Nf3 e6 3. e3 f5 4. Ne5 Nf6 5. b3 Nbd7 6. Bb2 Bd6 7. c4 c6 8. d4 O-O
9. Bd3 Ne4 10. Bxe4 fxe4 11. Qh5 Nxe5 12. fxe5 Bb4+ 13. Ke2 Rf5 14. Qh3 Qf8 15.
Qh4 Bd7 16. a3 Be7 17. Qg3 Qf7 18. h4 Rf8 19. Nd2 Rf2+ 20. Kd1 Qh5+ 21. Kc2 Qe2
22. Rad1 Rxg2 23. Qe1 Rff2 24. c5 Rh2 25. Bc1 Qd3+ 26. Kb2 Rxh1 27. Qxh1 Qxe3
28. Qg1 Qxd4+ 29. Kb1 Qd3+ 30. Ka1 Bxh4 31. Qg4 g5 32. Rg1 Rf4 {[%emt 0:00:00]}
33. Qh5 Qd4+ 34. Kb1 Qxg1 0-1

[Event "Kieler Open 2021"]
[Site "Kiel"]
[Date "2021.07.29"]
[Round "8.27"]
[White "Wartenberg, Julian"]
[Black "Sauer, Tim"]
[Result "0-1"]
[WhiteElo "1408"]
[BlackElo "1767"]
[Annotator "FS"]
[PlyCount "80"]
[EventDate "2021.??.??"]

1. c4 Nf6 2. g3 g6 3. Bg2 Bg7 4. Nc3 O-O 5. Nf3 d6 6. d4 Nbd7 7. O-O e5 8. e4
Qe7 9. d5 Ne8 10. h3 f5 11. Bg5 Qf7 12. Be3 h6 13. Ne2 fxe4 14. Nd2 Ndf6 15.
Kh2 g5 16. Nxe4 Nxe4 17. Bxe4 Nf6 18. Bg2 Qh5 19. Nc3 Bg4 20. f3 Bd7 21. g4 Qg6
22. Qe2 Rfe8 23. Ne4 Nh7 24. Rad1 b6 25. b3 Nf8 26. Kg3 Qf7 27. Qd2 Ng6 28. Rf2
Nf4 29. Bh1 Qe7 30. a4 Kf7 31. Rh2 Bf6 32. Re1 Rh8 33. Rc1 h5 34. Qd1 Rag8 35.
Rcc2 Ke8 36. Rcd2 Rh6 37. Bg2 Rgh8 38. Bf1 Qg7 39. Qc2 Ke7 40. Rdf2 h4# 0-1

[Event "Kieler Open 2021"]
[Site "Kiel"]
[Date "2021.07.29"]
[Round "8.28"]
[White "Wartenberg, Alissa"]
[Black "Gibhardt, Peter"]
[Result "1/2-1/2"]
[WhiteElo "1562"]
[BlackElo "1754"]
[Annotator "FS"]
[PlyCount "120"]
[EventDate "2021.??.??"]

1. e4 c5 2. Nf3 e6 3. d4 cxd4 4. Nxd4 Bc5 5. Nb3 Bb6 6. c4 a5 7. Nc3 a4 8. Nd4
Ne7 9. Be3 O-O 10. Nxa4 Ba5+ 11. Nc3 Bxc3+ 12. bxc3 f5 13. exf5 Nxf5 14. Nxf5
Rxf5 15. Bd3 Rfa5 16. O-O Nc6 17. Qb1 g6 18. Bb6 Qh4 19. Bxa5 Rxa5 20. Be2 Rg5
21. Kh1 Ne5 22. h3 b5 23. Qxb5 Rxg2 24. Kxg2 Qe4+ 25. f3 Qxe2+ 26. Rf2 Qe3 27.
h4 Nd3 28. Rff1 Nf4+ 29. Kh1 Qe2 30. Qg5 Qxc4 31. Qe5 Ne2 32. Qg5 Bb7 33. Rab1
Nxc3 34. Rbc1 Qd3 35. Qg2 Qd4 36. Qh2 Bc6 37. Qf2 Qf6 38. Rc2 Bd5 39. a3 Nb5
40. a4 Nd4 41. Rc3 Nf5 42. Rc8+ Kg7 43. h5 Qg5 44. Qb2+ Kf7 45. hxg6+ hxg6 46.
Qg2 Qh6+ 47. Kg1 Qe3+ 48. Qf2 Qg5+ 49. Qg2 Qe3+ 50. Rf2 Nd4 51. Kf1 Qd3+ 52.
Kg1 Qd1+ 53. Rf1 Qxa4 54. Rcc1 Qa3 55. Rcd1 Qe3+ 56. Kh1 Nxf3 57. Rxf3+ Bxf3
58. Rf1 Qh6+ 59. Kg1 Qe3+ 60. Kh1 Qh6+ 1/2-1/2